000 00752nam a22002297a 4500
003 OSt
005 20251029122200.0
008 251029t1995 ag ||||| |||| 00| 1 spa||
020 _a950-03-0100-8
040 _cbesoc
080 _082-2(460)
100 1 0 _aGarcía Lorca, Federico,
_d(1898-1936)
_eautor
245 1 3 _aLa casa de Bernarda Alba :
_bDrama de mujeres en los pueblos de España /
_cFederico García Lorca ; prólogo y notas de Luis Martínez Cuitiño
250 _a27a ed.
260 _aBuenos Aires :
_bLosada,
_c1995.
300 _a126 p. ;
_c19 cm.
490 0 _aBiblioteca clásica y contempóranea ;
_v153
650 4 _aLITERATURA ESPAÑOLA
_ySIGLO XIX
655 4 _aTEATRO
700 1 _aMartínez Cuitiño, Luis
942 _2udc
_cLPD
_n0
999 _c660
_d660